<?xml version="1.0" encoding="UTF-8"?>
<marc:record xmlns:marc="http://www.loc.gov/MARC21/slim">
   <marc:leader>00000nam a2200000 a 4500</marc:leader>
   <marc:datafield ind1=" " ind2=" " tag="653">
      <marc:subfield code="a">Quizspiel</marc:subfield>
   </marc:datafield>
   <marc:datafield ind1="0" ind2="0" tag="245">
      <marc:subfield code="a">YES or kNOw</marc:subfield>
   </marc:datafield>
   <marc:datafield ind1="0" ind2="0" tag="245">
      <marc:subfield code="b">Smart Play Brettspiel und Digital; Quizspiel, Starterset</marc:subfield>
   </marc:datafield>
   <marc:datafield ind1=" " ind2="1" tag="264">
      <marc:subfield code="b">Ravensburger</marc:subfield>
      <marc:subfield code="c">2014</marc:subfield>
   </marc:datafield>
   <marc:datafield ind1="1" ind2=" " tag="520">
      <marc:subfield code="a">Die Quizshow für die ganze Familie: Hier bekommen alle die Fragen und Aufgaben, die ihrem Alter angemessen sind! Über 2000 Fragen verteilen sich auf 10 verschiedene Spielformen. Es geht nicht nur um reines Wissen, sondern auch um geschicktes Kombinieren. Wer darf sich am Ende der spannenden Show die Quizkrone aufsetzen?</marc:subfield>
   </marc:datafield>
   <marc:datafield ind1="3" ind2=" " tag="024">
      <marc:subfield code="a">4005556268030</marc:subfield>
   </marc:datafield>
</marc:record>
